Hacia el objetivo del milenio de reducir la pobreza : (Registro nro. 8568)

Detalles MARC
000 -LEADER
fixed length control field 01023nam a2200253Ia 4500
003 - CONTROL NUMBER IDENTIFIER
control field OSt
005 - DATE AND TIME OF LATEST TRANSACTION
control field 20210913125209.0
008 - FIXED-LENGTH DATA ELEMENTS--GENERAL INFORMATION
fixed length control field 210310s2003 cl ad fr 000 0 spa d
020 ## - INTERNATIONAL STANDARD BOOK NUMBER
International Standard Book Number 9213221231
040 ## - CATALOGING SOURCE
Original cataloging agency CO-JMCR
Transcribing agency CO-JMCR
041 0# - LANGUAGE CODE
Language code of text/sound track or separate title spa
082 04 - DEWEY DECIMAL CLASSIFICATION NUMBER
Classification number 339.46 /
Item number N124h
Edition number 23
110 2# - MAIN ENTRY--CORPORATE NAME
Corporate name or jurisdiction name as entry element Naciones Unidas. CEPAL
9 (RLIN) 40297
245 10 - TITLE STATEMENT
Title Hacia el objetivo del milenio de reducir la pobreza :
Remainder of title en América Latina y el Caribe /
Statement of responsibility, etc. Naciones Unidas. CEPAL
260 ## - PUBLICATION, DISTRIBUTION, ETC.
Place of publication, distribution, etc. Santiago de Chile :
Name of publisher, distributor, etc. CEPAL,
Date of publication, distribution, etc. 2003
300 ## - PHYSICAL DESCRIPTION
Extent 76 páginas :
Other physical details ilustraciones y gráficas a blanco y negro ;
Dimensions 23 cm.
490 0# - SERIES STATEMENT
Series statement Libros CEPAL ;
Volume/sequential designation 70
500 ## - GENERAL NOTE
General note Incluye notas a pie de página.
504 ## - BIBLIOGRAPHY, ETC. NOTE
Bibliography, etc. note Bibliografía: páginas 51-52
505 0# - FORMATTED CONTENTS NOTE
Formatted contents note Antecedentes e información -- El logro de la meta: los macroescenarios -- El logro del objetivo: los macroescenarios -- Conclusiones y consecuencias de política
650 14 - SUBJECT ADDED ENTRY--TOPICAL TERM
Topical term or geographic name entry element Pobreza
9 (RLIN) 17652
Geographic subdivision América Latina
650 14 - SUBJECT ADDED ENTRY--TOPICAL TERM
Topical term or geographic name entry element Política económica
Geographic subdivision América Latina
9 (RLIN) 6784
942 ## - ADDED ENTRY ELEMENTS (KOHA)
Source of classification or shelving scheme Dewey Decimal Classification
Koha item type Books
Existencias
Withdrawn status Lost status Source of classification or shelving scheme Damaged status Not for loan Collection code Home library Current library Date acquired Source of acquisition Full call number Barcode Date last seen Copy number Koha item type
    Dewey Decimal Classification     Non-fiction Biblioteca Pública José María del Castillo y Rada Biblioteca Pública José María del Castillo y Rada 04/15/2018 Donación 339.46 / N124h 430006258 05/16/2024 Ej.1 Books